Sudden Death-Olympic Host Cities (Summer) - Statistics

General Stats
  • This quiz has been taken 199 times
  • The average score is 13 of 18
Answers on the Grid
Answers color-coded by a green-red scale on the quiz's grid according to % correct below.
Atlanta
Rio de Janeiro
Rome
Marseille
Antwerp
Tokyo
Brussels
Barcelona
Calgary
Munich
Lisbon
Kyoto
Sydney
Melbourne
Auckland
London
Monterrey
Geneva
Seoul
Montréal
Los Angeles
Karachi
Amsterdam
Kuala Lumpur
Moscow
Paris
Glasgow
Singapore
Athens
Beijing
 
Answer Stats
Answer % Correct
Rio de Janeiro
93%
Atlanta
89%
Tokyo
88%
Rome
84%
Barcelona
80%
Paris
76%
London
75%
Sydney
74%
Athens
73%
Beijing
73%
Los Angeles
72%
Moscow
66%
Munich
66%
Seoul
64%
Melbourne
54%
Montréal
53%
Antwerp
48%
Amsterdam
43%
No matching quizzes found
Score Distribution
Percent of People with Each Score
Percentile by Number Answered
Your Score History
You have not taken this quiz